|
|
|
|
| LEADER |
00000cam a2200000 7i4500 |
| 001 |
0000000215 |
| 005 |
20240919.0 |
| 008 |
240919 ilu a eng |
| 020 |
|
|
|a 0256033579
|
| 040 |
|
|
|a INS
|b eng
|e rda
|
| 090 |
0 |
0 |
|a HF8051
|b .M38 1986
|
| 100 |
1 |
|
|a Mehr, Robert I. ,
|e author
|
| 245 |
1 |
0 |
|a Fundamental of insurance
|c Robert I. Mehr
|
| 250 |
|
|
|a Second Edition
|
| 264 |
|
1 |
|a Homewood, Illinois :
|b Irwin
|c 1986
|
| 300 |
|
|
|a xxiv, 765 pages :
|b illustrations ;
|c 24 cm.
|
| 336 |
|
|
|a text
|2 rdacontent
|
| 337 |
|
|
|a unmediated
|2 rdamedia
|
| 338 |
|
|
|a volume
|2 rdacarrier
|
| 500 |
|
|
|a Includes index
|
| 650 |
|
0 |
|a Insurance
|
| 999 |
|
|
|a 0000003322
|b BOOK
|c Open Shelf
|e Default branch
|